1466 1519 1673 1465 1424 1190 1954 1566 1994 1694 1016 1696 1079 1633 1668 1091 1018 1700 1830 1958 1926 1201 1851 1385 1106 1454 1850 1065 1175 1794 1971 1977 1495 1680 1843 1578 1786 1647 1546 1481 1110 1776 1085 1891 1540 1103 1569 1499 1757 1389 1817 1368 1747 1238 1046 1946 1655 1118 1563 1000 1693 1613 1184 1326 1289 1541 1683 1709 1923 1723 1666 1126 1390 1060 1252 1055 1164 1207 1779 1290 1249 1174 1740 1361 1830 1632 1752 1816 1002 1094 1937 1200 1817 1450 1942 1664 1571 1123 1721 BCNSPRNW ULIB Ver.6.0+V

เปลี่ยนเป็นภาษาไทย

Change to English
 แสดงรายละเอียดบรรณานุกรม
  กลับหน้าหลัก

Brief Record : Get Marc (ISO 2709) : E-mail record : QR code < ปิดหน้าต่าง
LEADER : 00000nam 2200000uu 4500
001    13399114523
003     ULIB
008    120411s2552||||th 000 0 tha d
020    ^a9789740320845
060 04 ^aWA30^bส241ศ
100 0  ^aสมชาย สุขสิริเสรีกุล
245 10 ^aเศรษฐศาสตร์สุขภาพ /^cสมชาย สุขสิริเสรีกุล
250    ^aพิมพ์ครั้งที่ 2
260    ^aกรุงเทพฯ :^bสำนักพิมพ์แห่งจุฬาลงกรณ์มหาวิทยาลัย,^c2552
300    ^a338 หน้า ;^c26 ซม.
650  7 ^aบริการทางการแพทย์^xค่าใช้จ่าย
650  7 ^aเศรษฐศาสตร์ทางการแพทย์
650  7 ^aสาธารณสุข^xเศรษฐศาสตร์
945    ^p250^l0^i17042
995    ^aกัณชพร
999    ^aใช้งานได้ทุกระบบ
รายการนี้ยังไม่มีแท็ก
คุณยังไม่ได้ล็อกอิน คุณสามารถมีกิจกรรมร่วมกับเว็บไซต์ได้ แต่ต้องล็อกอินก่อน ::
  ล็อกอิน

รายการสื่อสารสนเทศ

ลำดับที่ ประเภท เลขเรียก/บาร์โค้ด สถานที่ สถานะ
- ไม่พบข้อมูล -

รายการใกล้เคียง
    ผู้แต่ง [สมชาย สุขสิริเสรีกุล]

    หัวเรื่อง [เศรษฐศาสตร์ทางการแพทย์]

BibComment


ยังไม่เคยถูกคอมเมนท์

คอมเมนท์ทรัพยากรรายการนี้
  คอมเมนท์: เศรษฐศาสตร์สุขภา..


 Copyright 2026. Bcnsprnw @Library